[Event "89th Hastings Masters 2013-14"]
[Site "Hastings ENG"]
[Date "2014.01.03"]
[Round "7.20"]
[White "Strugnell, Carl"]
[Black "Kvisla, Johannes Luangtep"]
[Result "1-0"]
[WhiteTitle "FM"]
[WhiteElo "2291"]
[BlackElo "2149"]
[WhiteFideId "616753"]
[BlackFideId "1504533"]
[EventDate "2013.12.28"]

1. e4 c6 2. d4 d5 3. e5 Bf5 4. Nd2 e6 5. Nb3 Nd7 6. Nf3 a6 7. Be2 c5 8. dxc5
Nxc5 9. Nfd4 Bg6 10. O-O Nxb3 11. axb3 Bc5 12. c3 Ne7 13. Bg5 h6 14. Bh4 Qb8 15.
Re1 Bxd4 16. Qxd4 Nf5 17. Qa4+ Kf8 18. Qb4+ Kg8 19. Be7 Nxe7 20. Qxe7 Kh7 21.
Bf1 Re8 22. Qh4 Qd8 23. Qd4 Rc8 24. Re3 Rc6 25. Ra4 Qb6 26. Qd1 Rd8 27. Rd4 Qc7
28. h4 f5 29. exf6 gxf6 30. Bd3 Rg8 31. h5 Bxd3 32. Qxd3+ Kh8 33. Qe2 Qf7 34. c4
dxc4 35. bxc4 e5 36. Rd5 b5 37. b3 bxc4 38. bxc4 Rgc8 39. Re4 Rg8 40. Qd1 Qg7
41. g3 f5 42. Rexe5 f4 43. Qd3 fxg3 44. f4 Rf6 45. Rd7 Rf7 46. Rxf7 Qxf7 47. Qe4
Qa7+ 48. c5 g2 49. Qd4 Qg7 50. c6 Rb8 51. Qe4 Rg8 52. Qe3 Qf6 53. Qc3 Qg7 54. c7
Rc8 55. Qc6 Qf8 56. Re6 Kh7 57. Qd7+ Kh8 58. Rxh6+ 1-0

[Event "89th Hastings Masters 2013-14"]
[Site "Hastings ENG"]
[Date "2014.01.03"]
[Round "7.21"]
[White "Brown, Thomas"]
[Black "Prosviriakov, Vladimir"]
[Result "0-1"]
[BlackTitle "IM"]
[WhiteElo "2088"]
[BlackElo "2282"]
[WhiteFideId "1801430"]
[BlackFideId "2004860"]
[EventDate "2013.12.28"]

1. d4 e6 2. g3 d5 3. Nf3 c6 4. Bg2 Nf6 5. O-O Be7 6. c4 dxc4 7. Ne5 O-O 8. Nc3
Nbd7 9. Nxc4 Nd5 10. e4 Nxc3 11. bxc3 Nb6 12. Nxb6 axb6 13. e5 b5 14. Qd3 Ba3
15. Bd2 c5 16. Rae1 cxd4 17. cxd4 Bc5 18. Re4 Rxa2 19. Rh4 g6 20. Bh6 Be7 21.
Rg4 Ra3 22. Qxb5 Re8 23. h4 Bf8 24. Bxf8 Rxf8 25. h5 Qe7 26. Be4 b6 27. Qb1 Ba6
28. Re1 f5 29. exf6 Qxf6 30. Rf4 Qxd4 31. Bf5 Rxg3+ 32. Kh2 Qxf4 33. Bxe6+ Kg7
34. Qb2+ Qf6 35. Qxf6+ Kxf6 36. Kxg3 Re8 37. hxg6 hxg6 38. Ra1 Rxe6 39. Rxa6 b5
40. Ra8 Rb6 41. Kf4 b4 42. Ra2 b3 43. Rb2 Rb4+ 44. Kg3 Ke5 45. f4+ Kf5 46. Kh4
g5+ 0-1

[Event "89th Hastings Masters 2013-14"]
[Site "Hastings ENG"]
[Date "2014.01.03"]
[Round "7.22"]
[White "Jackson, James P"]
[Black "Mueller, Constantin"]
[Result "0-1"]
[WhiteElo "2282"]
[BlackElo "2047"]
[WhiteFideId "416860"]
[BlackFideId "24697630"]
[EventDate "2013.12.28"]

1. e4 e6 2. d4 d5 3. exd5 exd5 4. c4 Bb4+ 5. Nc3 Qe7+ 6. Be3 Nf6 7. Nf3 Ng4 8.
Qd2 O-O 9. h3 Nxe3 10. fxe3 Re8 11. Kf2 dxc4 12. Bxc4 c6 13. Rhf1 Nd7 14. Rae1
Nf6 15. e4 Be6 16. Bd3 h6 17. a3 Ba5 18. b4 Bc7 19. e5 Nd5 20. Nxd5 Bxd5 21. Kg1
a5 22. Bb1 axb4 23. axb4 Bb6 24. Kh1 Red8 25. e6 Bxe6 26. Qc2 g6 27. Ne5 Rd6 28.
Nxf7 Qxf7 29. Rxf7 Bxf7 30. Qd2 Kg7 31. Qf4 Rf6 32. Qg4 Rd8 33. d5 Rxd5 34. Ba2
Rdf5 35. Bxf7 Rxf7 36. Qe2 Bc7 37. Qd3 Kh7 38. Kg1 Bb6+ 39. Kh1 Bc7 40. Kg1 h5
41. Kh1 h4 42. Kg1 Bg3 43. Rc1 Re5 44. Qc2 Rfe7 45. Rf1 Re1 46. Qd2 Rxf1+ 47.
Kxf1 Re1+ 48. Qxe1 Bxe1 49. Kxe1 Kh6 0-1

[Event "89th Hastings Masters 2013-14"]
[Site "Hastings ENG"]
[Date "2014.01.03"]
[Round "7.23"]
[White "Burnett, Jim"]
[Black "Ledger, Dave J"]
[Result "0-1"]
[BlackTitle "FM"]
[WhiteElo "2138"]
[BlackElo "2246"]
[WhiteFideId "402273"]
[BlackFideId "401986"]
[EventDate "2013.12.28"]

1. d4 Nf6 2. c4 c5 3. Nf3 cxd4 4. Nxd4 e5 5. Nb5 d5 6. cxd5 Bc5 7. N5c3 O-O 8.
e3 e4 9. a3 Re8 10. b4 Bd6 11. Bb2 a5 12. bxa5 Bg4 13. Be2 Bxe2 14. Qxe2 Nbd7
15. O-O Rxa5 16. Nd2 Nb6 17. Nb3 Ra6 18. Rfd1 h5 19. h3 Nbd7 20. Nb5 Ne5 21.
Nxd6 Qxd6 22. Bd4 Nd3 23. Bxf6 Qxf6 24. f3 Rb6 25. Rab1 exf3 26. Qxd3 Qg5 27.
Qf1 Rxe3 28. Nd4 Rf6 29. Rb3 Rxb3 30. Nxb3 Qe3+ 31. Kh2 fxg2 32. Qd3 g1=Q+ 0-1

[Event "89th Hastings Masters 2013-14"]
[Site "Hastings ENG"]
[Date "2014.01.03"]
[Round "7.24"]
[White "Lenier, Jude A"]
[Black "Repplinger, Marc"]
[Result "1/2-1/2"]
[WhiteElo "2082"]
[BlackElo "2245"]
[WhiteFideId "470678"]
[BlackFideId "4651120"]
[EventDate "2013.12.28"]

1. e4 e6 2. d4 d5 3. Nd2 Nf6 4. e5 Nfd7 5. Ngf3 c5 6. c3 Nc6 7. Bd3 g6 8. Nf1
Bg7 9. Ng3 cxd4 10. cxd4 Qb6 11. Bc2 f6 12. exf6 Nxf6 13. O-O O-O 14. a3 Bd7 15.
b3 Ng4 16. Bb2 Rf4 17. Ne2 Rf6 18. h3 Rxf3 19. gxf3 Nh6 20. Qd2 Rf8 21. f4 Nf5
22. Bxf5 Rxf5 23. b4 Rh5 24. Kg2 Ne7 25. Ng3 Rh4 26. Rh1 Bh6 27. Ne2 Nf5 28.
Rac1 Qd6 29. Rc5 Rxf4 30. Nxf4 Bxf4 31. Qd3 Nh4+ 32. Kf1 b6 33. Rc2 Qf8 34. Bc1
Qe8 35. Qc3 Qf7 36. Bxf4 Qxf4 37. a4 Qe4 38. Rg1 Nf3 39. Rg4 Nh2+ 40. Kg1 Nxg4
41. hxg4 Qxg4+ 42. Kf1 Qd1+ 43. Kg2 Qg4+ 44. Kf1 e5 45. dxe5 Qd1+ 46. Kg2 Qg4+
47. Kf1 Qd1+ 48. Kg2 Qg4+ 49. Kf1 1/2-1/2

[Event "89th Hastings Masters 2013-14"]
[Site "Hastings ENG"]
[Date "2014.01.03"]
[Round "7.25"]
[White "Cafferty, Bernard"]
[Black "Kett, Tim"]
[Result "0-1"]
[WhiteTitle "FM"]
[WhiteElo "2081"]
[BlackElo "2223"]
[WhiteFideId "401005"]
[BlackFideId "1801210"]
[EventDate "2013.12.28"]

1. Nf3 d5 2. b4 Nf6 3. Bb2 Nbd7 4. e3 e6 5. a3 Bd6 6. c4 c6 7. d4 O-O 8. Nbd2
Qe7 9. Ne5 Ne8 10. c5 Bxe5 11. dxe5 f6 12. exf6 Nexf6 13. Be2 e5 14. e4 d4 15.
O-O b6 16. cxb6 axb6 17. Qc2 c5 18. b5 Bb7 19. Bf3 Ne8 20. Qb3+ Kh8 21. Nc4 Nd6
22. Rfe1 Nxc4 23. Qxc4 Nf6 24. a4 Qf7 25. Qc2 Rfc8 26. g3 Qe6 27. Bg2 h6 28. f3
Rc7 29. Ra3 Rd8 30. Bc1 c4 31. f4 Rcc8 32. Rf3 d3 33. Qc3 Nxe4 0-1

[Event "89th Hastings Masters 2013-14"]
[Site "Hastings ENG"]
[Date "2014.01.03"]
[Round "7.26"]
[White "Foisor, Mihaela-Veronica"]
[Black "Othman, Mustapha"]
[Result "1-0"]
[WhiteTitle "WIM"]
[WhiteElo "2216"]
[BlackElo "1914"]
[WhiteFideId "2270757"]
[BlackFideId "8500797"]
[EventDate "2013.12.28"]

1. d4 Nf6 2. c4 g6 3. Nc3 d5 4. Bf4 Bg7 5. e3 O-O 6. Rc1 c6 7. Nf3 Bg4 8. h3
Bxf3 9. Qxf3 Qa5 10. Bd3 dxc4 11. Bxc4 Nbd7 12. O-O e5 13. Bg3 Nh5 14. Bxe5 Nxe5
15. dxe5 Bxe5 16. Ne4 Bxb2 17. Rb1 Qe5 18. Rfd1 b5 19. Bb3 Ba3 20. g4 Rae8 21.
Rd4 c5 22. gxh5 cxd4 23. Nf6+ Kh8 24. Nxe8 Rxe8 25. Bxf7 Rf8 26. hxg6 hxg6 27.
Rxb5 Qg7 28. Rb7 Bc5 29. Kg2 Qe5 30. Qg4 Qf6 31. exd4 Bxd4 32. f3 Bb6 33. Qxg6
Qxg6+ 34. Bxg6 Rc8 35. Be4 Rc7 36. Rb8+ Kg7 37. h4 Rc1 38. Re8 Rg1+ 39. Kh2 Re1
40. Kg3 Rg1+ 41. Kf4 Rh1 42. Kg4 Bf2 43. h5 Kf6 44. Rf8+ Kg7 45. Rd8 Kf6 46.
Rd6+ Ke5 47. Rd5+ Ke6 48. f4 Rh2 49. f5+ Kf7 50. Rd7+ Kf8 51. Kg5 Rh3 52. Kg6
Be3 53. Rf7+ Kg8 54. Rg7+ Kf8 55. f6 Bd4 56. h6 Rg3+ 57. Kh7 Re3 58. Bg6 Bxf6
59. Rg8+ 1-0

[Event "89th Hastings Masters 2013-14"]
[Site "Hastings ENG"]
[Date "2014.01.03"]
[Round "7.27"]
[White "Helmer, Christoph"]
[Black "Kewes, Gerd"]
[Result "1-0"]
[WhiteElo "2037"]
[BlackElo "2200"]
[WhiteFideId "24606642"]
[BlackFideId "4680588"]
[EventDate "2013.12.28"]

1. d4 Nf6 2. c4 c5 3. d5 e6 4. Nc3 exd5 5. cxd5 d6 6. e4 g6 7. h3 Bg7 8. Nf3 O-O
9. Bd3 a6 10. a4 Qe7 11. O-O Nbd7 12. Re1 Ne8 13. Bf4 Ne5 14. Be2 Rb8 15. Nd2
Bd7 16. a5 Nc7 17. Bh2 g5 18. Bxe5 Bxe5 19. Bg4 Nb5 20. Bxd7 Qxd7 21. Nc4 Qe7
22. Qd3 Nd4 23. Ne2 Qf6 24. Nxd4 Bxd4 25. Re2 Rfe8 26. Qg3 Rbd8 27. Ra3 Qg6 28.
h4 h6 29. hxg5 hxg5 30. Qg4 Kg7 31. Rg3 f6 32. Rb3 Re7 33. Rb6 Be5 34. Ne3 Rf7
35. Nf5+ Kf8 36. Re3 Rh7 37. Rh3 Rdd7 38. Rxh7 Qxh7 39. g3 Ke8 40. f4 gxf4 41.
Qd1 1-0

[Event "89th Hastings Masters 2013-14"]
[Site "Hastings ENG"]
[Date "2014.01.03"]
[Round "7.28"]
[White "Taylor, Adam C"]
[Black "Eames, Robert S"]
[Result "0-1"]
[BlackTitle "FM"]
[WhiteElo "2025"]
[BlackElo "2195"]
[WhiteFideId "424668"]
[BlackFideId "408743"]
[EventDate "2013.12.28"]

1. g3 d5 2. Bg2 Nf6 3. Nf3 c6 4. O-O Bf5 5. c4 e6 6. d4 h6 7. Nc3 Nbd7 8. Nd2
Be7 9. e4 dxe4 10. Ndxe4 O-O 11. Qb3 Qb6 12. Be3 Rfd8 13. Rfd1 Ng4 14. Qxb6 Nxb6
15. b3 Nxe3 16. fxe3 Ba3 17. Rd2 a5 18. c5 Nc8 19. Na4 Rb8 20. Nf2 e5 21. e4 Bg6
22. d5 cxd5 23. exd5 f5 24. d6 e4 25. Nh3 b5 26. cxb6 Nxb6 27. Nf4 Bf7 28. Nxb6
Rxb6 29. Nd5 Rbxd6 30. Ne7+ Kf8 31. Rxd6 Bxd6 32. Nxf5 Bc5+ 33. Kf1 e3 34. Rc1
Bb6 35. Rc6 Rd1+ 36. Ke2 Bh5+ 37. Bf3 Rd2+ 38. Ke1 Bxf3 39. Rd6 Rxd6 40. Nxd6
Bc5 0-1

[Event "89th Hastings Masters 2013-14"]
[Site "Hastings ENG"]
[Date "2014.01.03"]
[Round "7.29"]
[White "Oyama, Akito"]
[Black "Rayner, Francis"]
[Result "0-1"]
[WhiteElo "1998"]
[BlackElo "2192"]
[WhiteFideId "7001630"]
[BlackFideId "1800132"]
[EventDate "2013.12.28"]

1. e4 c5 2. Nc3 Nc6 3. f4 g6 4. Nf3 Bg7 5. a3 d6 6. Bc4 e6 7. b4 Nge7 8. bxc5
dxc5 9. O-O O-O 10. Rb1 b6 11. Ne2 Bb7 12. Ng3 Nd4 13. c3 Nxf3+ 14. Rxf3 Qd6 15.
Rf1 Rad8 16. Qe2 Kh8 17. Rf2 f5 18. e5 Qc6 19. Bb5 Qc7 20. Nf1 Nd5 21. Ne3 Nxe3
22. Qxe3 Bd5 23. Bb2 c4 24. d4 cxd3 25. Bxd3 Rf7 26. c4 Bb7 27. Rd2 Bf8 28. Kf1
Bc5 29. Qe2 Rfd7 30. Rbd1 Qc6 31. Bc1 Rd4 32. Qf2 Rxd3 33. Qh4 Rxd2 34. Rxd2
Rxd2 35. Qf6+ Kg8 36. Bxd2 Qxg2+ 37. Ke1 Qf2+ 38. Kd1 Bf3+ 39. Kc1 Bxa3+ 40. Kb1
Be4+ 41. Ka1 Qd4+ 0-1

[Event "89th Hastings Masters 2013-14"]
[Site "Hastings ENG"]
[Date "2014.01.03"]
[Round "7.30"]
[White "Pettersen, Joar Gullestad"]
[Black "Wadsworth, Matthew J"]
[Result "0-1"]
[WhiteElo "2013"]
[BlackElo "2188"]
[WhiteFideId "1505890"]
[BlackFideId "415804"]
[EventDate "2013.12.28"]

1. d4 d5 2. c4 c6 3. Nf3 Nf6 4. Nc3 a6 5. a4 e6 6. g3 dxc4 7. Ne5 c5 8. dxc5
Qxd1+ 9. Nxd1 Bxc5 10. Nxc4 Nc6 11. Be3 Nd4 12. Bxd4 Bxd4 13. e3 Bc5 14. Nc3 Bd7
15. Bg2 Rb8 16. O-O Ke7 17. Ne5 Rhc8 18. Nxd7 Nxd7 19. Na2 Bd6 20. Rfc1 Nc5 21.
Rab1 Rc7 22. b3 b6 23. Nb4 Rbc8 24. Nc6+ Kd7 25. Nd4 g6 26. Bf1 f5 27. b4 Nxa4
28. Rxc7+ Rxc7 29. Bxa6 Nc3 30. Rb3 Nd5 31. Bb5+ Ke7 32. Nc6+ Kf6 33. f3 Be5 34.
Nxe5 Kxe5 35. Be2 Rc3 36. Rxc3 Nxc3 37. Bc4 Nd5 38. Kf2 Nxb4 39. Ke2 Kd6 40. Kd2
Nd5 41. Bb5 Nc7 42. Bc4 Kc5 43. Ba2 Kb4 44. h4 b5 45. g4 fxg4 46. fxg4 Ka3 47.
Bb1 b4 48. g5 b3 49. h5 gxh5 50. Bxh7 b2 51. Bb1 Kb3 52. g6 Ne8 53. Kd3 Nf6 54.
g7 h4 55. Ke2 Kc3 56. Bg6 e5 57. Bf5 h3 58. Kf3 Kd2 59. Bb1 Kc1 60. Bg6 b1=Q 61.
Bxb1 Kxb1 62. Kg3 Nh5+ 63. Kxh3 Nxg7 64. Kg4 Kc2 65. Kf3 Kd3 0-1

[Event "89th Hastings Masters 2013-14"]
[Site "Hastings ENG"]
[Date "2014.01.03"]
[Round "7.31"]
[White "Snape, Ian L"]
[Black "Taylor, Adam A"]
[Result "1-0"]
[WhiteElo "2229"]
[BlackElo "1983"]
[WhiteFideId "404489"]
[BlackFideId "415790"]
[EventDate "2013.12.28"]

1. e4 c5 2. Nf3 Nc6 3. d4 cxd4 4. Nxd4 e5 5. Nb5 d6 6. N5c3 a6 7. Na3 b5 8. Nd5
Nge7 9. Bg5 f6 10. Be3 Nxd5 11. exd5 Ne7 12. c4 Bb7 13. Rc1 bxc4 14. Bxc4 Bxd5
15. Nb5 Rb8 16. Bxd5 Rxb5 17. Bc4 Rb8 18. Qa4+ Qd7 19. Bf7+ 1-0

[Event "89th Hastings Masters 2013-14"]
[Site "Hastings ENG"]
[Date "2014.01.03"]
[Round "7.32"]
[White "Atkins, Rita"]
[Black "ter Steeg, Marcus"]
[Result "1/2-1/2"]
[WhiteTitle "WIM"]
[WhiteElo "2176"]
[BlackElo "1942"]
[WhiteFideId "408050"]
[BlackFideId "24676799"]
[EventDate "2013.12.28"]

1. d4 c5 2. e3 cxd4 3. exd4 d5 4. Bd3 Nc6 5. c3 Qc7 6. Na3 a6 7. Nc2 Nf6 8. Bg5
Bg4 9. f3 Bh5 10. Ne2 Bg6 11. Nf4 Bxd3 12. Nxd3 e6 13. Bf4 Bd6 14. Bxd6 Qxd6 15.
O-O O-O 16. Qe2 Nd7 17. Rae1 Na5 18. Ne3 Rac8 19. f4 f5 20. g4 fxg4 21. Nxg4
Rce8 22. Kh1 Nc6 23. Qg2 Nf6 24. Rg1 Qc7 25. Re3 Ne4 26. Ngf2 Nxf2+ 27. Qxf2 e5
28. dxe5 Nxe5 29. Qe2 Nxd3 30. Rxe8 Nf2+ 31. Kg2 Ne4 32. Qh5 Qc4 33. Re1 Qxa2
34. Rxf8+ Kxf8 35. Qf5+ Ke7 36. Qe5+ Kf7 37. Qc7+ Kf6 38. Qxb7 Qc4 39. Qb8 Qd3
40. Qe5+ Kg6 41. Qe6+ Nf6 42. Qe3 Qb5 43. Qe2 Qa4 44. Rf1 h6 45. Qd3+ Kf7 46.
Rf2 Kf8 47. Qd4 Qe8 48. f5 Kg8 49. Qd3 Qc6 50. Qd4 Qb5 51. Kh3 Qe8 52. Kg2 Qb5
53. Rd2 Kh7 54. b4 a5 55. bxa5 Qxa5 56. Rd3 Qa2+ 57. Kh3 1/2-1/2

[Event "89th Hastings Masters 2013-14"]
[Site "Hastings ENG"]
[Date "2014.01.03"]
[Round "7.33"]
[White "Sugden, John N"]
[Black "Low, Zhen Yu Cyrus"]
[Result "1/2-1/2"]
[WhiteElo "2138"]
[BlackElo "1868"]
[WhiteFideId "402001"]
[BlackFideId "5804175"]
[EventDate "2013.12.28"]

1. e4 c5 2. Nc3 d6 3. g3 g6 4. Bg2 Bg7 5. d3 Nc6 6. f4 Nf6 7. Nf3 O-O 8. O-O Rb8
9. Nh4 Nd4 10. f5 b5 11. g4 b4 12. Nb1 Nxg4 13. Qxg4 Nxc2 14. Rf3 Nxa1 15. Rh3
Qb6 16. Nf3 c4+ 17. d4 Bxd4+ 18. Nxd4 Qxd4+ 19. Be3 Qxb2 20. Nd2 c3 21. Nc4 Qb1+
22. Bf1 Nc2 23. Qh4 h5 24. Rg3 Qd1 25. Qg5 Rb5 26. Qh6 Rxf5 27. Rxg6+ fxg6 28.
Qxg6+ Kh8 29. Qh6+ Kg8 30. Qg6+ 1/2-1/2

[Event "89th Hastings Masters 2013-14"]
[Site "Hastings ENG"]
[Date "2014.01.03"]
[Round "7.34"]
[White "Jaunooby, Ali R"]
[Black "Halfhide, Sebastian"]
[Result "1-0"]
[WhiteElo "2124"]
[BlackElo "1916"]
[WhiteFideId "413291"]
[BlackFideId "1045946"]
[EventDate "2013.12.28"]

1. d4 d5 2. c4 e6 3. Nc3 Nf6 4. Bg5 Be7 5. e3 O-O 6. Qc2 Nbd7 7. Nf3 c6 8. O-O-O
dxc4 9. Bxc4 Nd5 10. Ne4 N7f6 11. h4 Qa5 12. Bxf6 gxf6 13. Neg5 fxg5 14. hxg5 f5
15. gxf6 Nxf6 16. Rxh7 Nxh7 17. Qg6+ Kh8 18. Rh1 Rf7 19. Bd3 Bh4 20. Rxh4 Qc7
21. Ng5 Rg7 22. Qe8+ Rg8 23. Nf7+ 1-0

[Event "89th Hastings Masters 2013-14"]
[Site "Hastings ENG"]
[Date "2014.01.03"]
[Round "7.35"]
[White "Brewer, Callum D"]
[Black "Degro, Heiko"]
[Result "0-1"]
[WhiteElo "1693"]
[BlackElo "2060"]
[WhiteFideId "435309"]
[BlackFideId "24666122"]
[EventDate "2013.12.28"]

1. e4 e6 2. d4 d5 3. e5 c5 4. c3 Bd7 5. Nf3 a6 6. Be2 cxd4 7. cxd4 Bb5 8. O-O
Ne7 9. Bxb5+ axb5 10. Qd3 Qb6 11. Nc3 Nec6 12. Qxb5 Qxb5 13. Nxb5 Na6 14. Bd2 h6
15. Rfc1 Kd7 16. a3 Be7 17. b4 Rhc8 18. Nd6 Bxd6 19. exd6 Na7 20. a4 Rxc1+ 21.
Rxc1 Rc8 22. b5 Rxc1+ 23. Bxc1 Nb8 24. Ba3 f6 25. Nd2 Nc8 26. Nb3 b6 27. a5 bxa5
28. Nc5+ Ke8 29. Nxe6 Kd7 30. Nc5+ Ke8 31. Na6 Nd7 32. Nc7+ Kd8 33. Nxd5 Ndb6
34. Nxb6 Nxb6 35. Bc5 Nc4 36. b6 Kc8 37. Kf1 a4 38. Ke2 a3 39. d5 a2 40. Bd4
Nxb6 41. Kd3 Nxd5 42. Kc2 Kd7 43. Kb3 Kxd6 44. Kxa2 Nf4 45. g3 Ne6 46. Be3 f5
47. Kb3 Ke5 48. Kc4 Ke4 49. Kc3 g5 50. Kd2 Kf3 51. Ke1 Kg2 52. h4 gxh4 53. gxh4
f4 54. Ba7 h5 55. Ke2 Nf8 56. Bd4 Nd7 57. Bc3 Nb6 58. Bd4 Nd5 59. f3 Ne7 60. Be5
Ng6 61. Bf6 Kg3 62. Bd4 Nxh4 63. Bf2+ Kh3 64. Kd3 Nxf3 65. Ke4 Kg4 66. Bb6 h4
67. Bc7 Ng5+ 0-1

[Event "89th Hastings Masters 2013-14"]
[Site "Hastings ENG"]
[Date "2014.01.03"]
[Round "7.36"]
[White "Obsieger, Hendrik"]
[Black "Pickersgill, Adrian O"]
[Result "1-0"]
[WhiteElo "1873"]
[BlackElo "1988"]
[WhiteFideId "12945137"]
[BlackFideId "404519"]
[EventDate "2013.12.28"]

1. e4 d6 2. d4 Nf6 3. f3 c6 4. c4 Nbd7 5. Nc3 e5 6. d5 Be7 7. Be3 a5 8. Nge2 Nc5
9. Qd2 O-O 10. O-O-O Nfd7 11. g4 a4 12. Ng3 g6 13. h4 a3 14. b3 Qa5 15. Kc2 Na6
16. h5 Nb4+ 17. Kb1 Nf6 18. Bh6 Re8 19. Qh2 Nbxd5 20. Nxd5 cxd5 21. Bd2 Qc5 22.
Bc1 dxe4 23. g5 Nxh5 24. Nxh5 gxh5 25. fxe4 Bg4 26. Be2 Qc8 27. Rdg1 f5 28. gxf6 1-0

[Event "89th Hastings Masters 2013-14"]
[Site "Hastings ENG"]
[Date "2014.01.03"]
[Round "7.37"]
[White "Bianco, Valerio"]
[Black "Willson, Ollie"]
[Result "1/2-1/2"]
[WhiteElo "2151"]
[BlackElo "1833"]
[WhiteFideId "800600"]
[BlackFideId "424714"]
[EventDate "2013.12.28"]

1. d4 Nf6 2. c4 c5 3. d5 e6 4. Nc3 exd5 5. cxd5 d6 6. e4 g6 7. Nge2 Bg7 8. Ng3
a6 9. a4 O-O 10. Be2 Nbd7 11. O-O Rb8 12. Be3 Re8 13. Qd2 Ne5 14. h3 b6 15. Bg5
Ned7 16. Bh6 Bh8 17. Rae1 Nf8 18. Bc4 N6d7 19. Qe2 Ra8 20. Qd2 Bb7 21. Kh2 Ne5
22. Be2 Qc7 23. Rc1 Rac8 24. Be3 Qe7 25. Rfe1 Qd8 26. f4 Ned7 27. b3 Bg7 28. Bc4
Qh4 29. Bf2 Bh6 30. Nce2 Ne5 31. Kg1 Qd8 32. Be3 Ned7 33. Nc3 Qh4 34. Nce2 Bg7
35. Bf2 Qd8 36. Rc2 Ra8 37. Qd3 Bh6 38. Be3 Qh4 39. Qd2 Bg7 40. Bf2 Qd8 41. Kh1
Bh6 42. Qd3 Qe7 43. Qf3 Bg7 44. Nc3 Qd8 45. Nf1 h6 46. Bg3 Nh7 47. Ne3 Qc7 48.
Bd3 Qb8 49. Nc4 Bc8 50. Ne3 Bb7 51. Bc4 Qc7 52. Ng4 Nhf6 53. Nh2 Nh7 54. Qd3 g5
55. Nf3 gxf4 56. Bxf4 Ne5 57. Nxe5 dxe5 58. Bc1 Nf6 59. Rf1 Qd6 60. Rcf2 Kh7 61.
Qe3 Nh5 62. Rxf7 Rab8 63. Ne2 Rf8 64. g4 Rxf7 65. Rxf7 Rg8 66. Rf1 Nf6 67. Ng3
Bc8 68. Qe2 h5 69. Nf5 Bxf5 70. Rxf5 hxg4 71. hxg4 b5 72. Bb2 Nxe4 73. Qxe4 bxc4
74. Qxc4 Rb8 75. Qe2 Qxd5+ 76. Qg2 Qxg2+ 77. Kxg2 1/2-1/2

[Event "89th Hastings Masters 2013-14"]
[Site "Hastings ENG"]
[Date "2014.01.03"]
[Round "7.38"]
[White "Dennis, Nigel W"]
[Black "Spanton, Tim R"]
[Result "0-1"]
[WhiteElo "1848"]
[BlackElo "2008"]
[WhiteFideId "408913"]
[BlackFideId "404802"]
[EventDate "2013.12.28"]

1. e4 e5 2. Nf3 Nc6 3. Bb5 Nf6 4. O-O Nxe4 5. d4 Nd6 6. Bxc6 dxc6 7. dxe5 Nf5 8.
Qxd8+ Kxd8 9. Bg5+ Ke8 10. Nc3 h6 11. Bd2 Be6 12. Rad1 Rd8 13. Bc1 Bb4 14. Rxd8+
Kxd8 15. Rd1+ Kc8 16. a3 Bxc3 17. bxc3 c5 18. Kf1 Re8 19. Ke1 Ne7 20. Bb2 Ng6
21. Kd2 Bg4 22. Kc1 Bxf3 23. gxf3 Nxe5 24. c4 f6 25. Bxe5 Rxe5 26. h4 Rf5 27.
Rg1 g5 28. hxg5 hxg5 29. Rg3 Rf4 30. Rg4 Rxf3 0-1

[Event "89th Hastings Masters 2013-14"]
[Site "Hastings ENG"]
[Date "2014.01.03"]
[Round "7.39"]
[White "Clayton, Tristan"]
[Black "Roggensack, Hans Peter"]
[Result "0-1"]
[WhiteElo "1832"]
[BlackElo "1972"]
[WhiteFideId "416533"]
[BlackFideId "12904767"]
[EventDate "2013.12.28"]

1. e4 Nf6 2. e5 Nd5 3. d4 d6 4. c4 Nb6 5. Nf3 dxe5 6. Nxe5 g6 7. Be2 Bg7 8. O-O
O-O 9. Be3 c5 10. Nc3 Na6 11. f4 cxd4 12. Bxd4 Be6 13. b3 Nd7 14. Nxd7 Qxd7 15.
Bxg7 Kxg7 16. Qxd7 Bxd7 17. Bf3 Bc6 18. Bxc6 bxc6 19. Rfe1 e6 20. Rad1 Rfd8 21.
Rxd8 Rxd8 22. Rd1 Rxd1+ 23. Nxd1 Kf6 24. Kf2 e5 25. Ke3 Ke6 26. fxe5 Kxe5 27.
Nc3 f5 28. Ne2 Nb4 29. a3 Nc2+ 30. Kd2 Nd4 31. Nc1 Ke4 32. b4 f4 33. Na2 Nf5 34.
Nc3+ Kd4 35. b5 c5 36. a4 Nd6 37. Ne2+ Kxc4 38. Nxf4 Kb4 39. Nd3+ Kxa4 40. Nxc5+
Kxb5 41. Ne6 Ne4+ 42. Kc2 Kc4 43. g4 Nf2 44. Nf8 Nxg4 45. Nxh7 Nxh2 46. Ng5 Ng4
47. Kb2 Ne5 48. Ka3 Nc6 49. Ka4 a6 50. Nf3 Kc3 51. Ng5 Kd3 52. Nf7 Ke4 53. Kb3
Kf4 0-1

[Event "89th Hastings Masters 2013-14"]
[Site "Hastings ENG"]
[Date "2014.01.03"]
[Round "7.40"]
[White "Flynn, David"]
[Black "Stonehouse, Tom H"]
[Result "0-1"]
[WhiteElo "1932"]
[BlackElo "1772"]
[WhiteFideId "410594"]
[BlackFideId "423092"]
[EventDate "2013.12.28"]

1. e4 c5 2. d4 cxd4 3. c3 d5 4. exd5 Qxd5 5. Nf3 Bf5 6. Qxd4 Nf6 7. Bc4 Qxd4 8.
Nxd4 Be4 9. O-O Nc6 10. Nxc6 Bxc6 11. Rd1 e6 12. Bf4 Bc5 13. Nd2 g5 14. Be5 Kd7
15. Kf1 Ng4 16. Bxh8 Rxh8 17. h3 Nxf2 18. Re1 g4 19. h4 Nh1 20. Ke2 Ng3+ 21. Kd1
Re8 22. Kc2 Nf5 23. Ne4 Ne3+ 24. Rxe3 Bxe3 25. Re1 Bxe4+ 0-1

[Event "89th Hastings Masters 2013-14"]
[Site "Hastings ENG"]
[Date "2014.01.03"]
[Round "7.41"]
[White "Young, Mel J"]
[Black "Macrae, James S"]
[Result "1-0"]
[WhiteElo "1902"]
[BlackElo "1736"]
[WhiteFideId "410357"]
[BlackFideId "2401797"]
[EventDate "2013.12.28"]

1. e4 Nc6 2. d4 d5 3. Nc3 dxe4 4. d5 Ne5 5. Bf4 Ng6 6. Bg3 a6 7. Nxe4 f5 8. Ng5
e5 9. h4 f4 10. Bh2 Nxh4 11. Qh5+ g6 12. Qxh4 Be7 13. N1f3 h6 14. Bxf4 e4 15.
Ne5 Bf6 16. Nef7 Qxd5 17. Nxh8 hxg5 18. Qh7 Bf5 19. Rd1 Qe6 20. Bc1 Qxa2 21. Be2
Qa5+ 22. c3 Qe5 23. Qxg8+ 1-0

[Event "89th Hastings Masters 2013-14"]
[Site "Hastings ENG"]
[Date "2014.01.03"]
[Round "7.42"]
[White "Gunn, Michael J"]
[Black "Staniforth, Matthew"]
[Result "0-1"]
[WhiteElo "1727"]
[BlackElo "1899"]
[WhiteFideId "409030"]
[BlackFideId "1802593"]
[EventDate "2013.12.28"]

1. c4 e6 2. Nf3 Nf6 3. g3 a6 4. Nc3 d5 5. cxd5 exd5 6. d4 c6 7. Bg2 Bd6 8. a3
Nbd7 9. b4 O-O 10. O-O Re8 11. Bb2 Nb6 12. Qc2 Ne4 13. e3 f5 14. Nxe4 fxe4 15.
Ne5 Bxe5 16. dxe5 Nc4 17. Rad1 Qe7 18. Bxe4 Nxb2 19. Bxh7+ Kh8 20. Rd4 g5 21.
Qxb2 Qxh7 22. e6 Qg7 23. h4 g4 24. f4 gxf3 25. Rxf3 Bxe6 26. Qf2 Rf8 27. Rdf4
Kg8 28. Rf6 Rxf6 29. Rxf6 Rf8 30. Rxf8+ Qxf8 31. Qf4 Qxf4 32. gxf4 Kf7 33. Kf2
Kg6 34. Kf3 Bf5 35. Ke2 Kh5 36. Kd2 Kxh4 0-1